Statistics for Fortnite Quiz FOR MLG BOISSS!!

Click here to take the quiz!

General Stats

  • This quiz has been taken 118 times
  • The average score is 9 of 15

Answer Stats

Hints for MLG PROSSSGET DIS RIGHT MLG PEOPLES!% Correct
Most populated areaTilted Towers
97%
Just type I am a pro for the rest of the quizi am a pro
62%
Everybody should know this epic and legendary gunScar
62%
Just type the word tactical shotguntactical shotgun
62%
How long does it take for you to drink a mini shield2 seconds
60%
The other kind of shotgunpump shotgun
60%
i am a pro
59%
i am a pro
58%
i am a pro
58%
i am a pro
58%
i am a pro
58%
TIER 100 GOLD PASS characterJohn Wick
58%
i am a pro
57%
MAde by the backpack kidThe Floss
47%
Made from Fresh Prince of Bel Air And its really called the carlton but what is its fortnite name It is also a emoteFresh
46%

Score Distribution

Percentile by Number Answered

Percent of People with Each Score

Your Score History

You have not taken this quiz